1971 1701 1014 1632 1258 1781 1901 1880 1124 1340 1689 1829 1034 1898 1082 1305 1090 1481 1679 1305 1124 1859 1144 1499 1320 1953 1844 1974 1225 1042 1103 1361 1352 1298 1957 1969 1690 1105 1566 1103 1444 1896 1836 1165 1740 1369 1556 1037 1574 1940 1940 1611 1736 1464 1320 1188 1623 1050 1953 1520 1425 1536 1621 1889 1909 1724 1737 1477 1050 1774 1508 1133 1045 1589 1400 1692 2000 1805 1802 1814 1523 1558 1873 1732 1977 1293 1467 1615 1610 1511 1314 1835 1430 1934 1334 1943 1286 1115 1536 BCNSPRNW ULIB Ver.6.0+V

เปลี่ยนเป็นภาษาไทย

Change to English
 แสดงรายละเอียดบรรณานุกรม
  กลับหน้าหลัก

Brief Record : Get Marc (ISO 2709) : E-mail record : QR code < ปิดหน้าต่าง
LEADER : 00000nam 2200000uu 4500
001    13399111010
003     ULIB
008    110614s||||||||th 000 0 tha d
020    9786117046414
050 04 AE71^bพ955ล 2552
100 0  Richard Platt
245 10 โลกพิศวง ของ สายลับจารชน /^cโดย Richard Platt , แปล ; กฤษณ์ ส่องโลก
250    พิมพ์ครั้งที่ 1
260    กรุงเทพฯ :^bเนชั่น เอ็กมอนท์,^c2552
300    64 หน้า :^bภาพประกอบสี
650  7 นิติเวช
650  7 สายลับ
700 0  กฤษณ์ ส่องโลก,^eแปล
700 0  ภานุวัฒน์ ชุติวงศ์,^eตรวจสอบความถูกต้อง
945    ^p395^l0^i029064
995    ทศพร
999 ^a ใช้งานได้ทุกระบบ
รายการนี้ยังไม่มีแท็ก
คุณยังไม่ได้ล็อกอิน คุณสามารถมีกิจกรรมร่วมกับเว็บไซต์ได้ แต่ต้องล็อกอินก่อน ::
  ล็อกอิน

รายการสื่อสารสนเทศ

ลำดับที่ ประเภท เลขเรียก/บาร์โค้ด สถานที่ สถานะ
- ไม่พบข้อมูล -

รายการใกล้เคียง
    หัวเรื่อง [นิติเวช]
    หัวเรื่อง [สายลับ]

BibComment


ยังไม่เคยถูกคอมเมนท์

คอมเมนท์ทรัพยากรรายการนี้
  คอมเมนท์: โลกพิศวง ของ สายล..


 Copyright 2026. Bcnsprnw @Library